000 00679nam a2200229Ia 4500
001 16866
003 GE_BSU
008 181216s||||||||xx |||||||||||||| ||und||
040 _cGE_BSU
080 _a82-93:821.353.1-32
100 _aბასილია, აპოლონ
245 _aკოსმიური ბრძოლა
245 _bმოთხრობა
245 _cრედ.ლ.ასათიანი
260 _aთბილისი
260 _bსაბლიტგამი
260 _c1950
300 _a140გვ.21სმ.
653 _aკოსმიური ბრძოლა
653 _aმოთხრობა
942 _cBK
999 _c49930
_d49930